Imiona w piosenkach #1 - Statystyki

Ogólne statystyki
  • Ten quiz został rozwiązany 60 razy
  • Średni wynik to 9 z 17
Statystyki odpowiedzi
Tekst piosenki Odpowiedź % Poprawnych
" To nie ja byłam ....." Ewa
98%
"..... już dawno tutaj nie mieszka, o nie, nie nie" Agnieszka
94%
" Ale, ale ....., ale ale ale ładna, taka taka taka skromna, taka taka sexi bomba" Aleksandra
88%
"..... miała fajny biust" Baśka
87%
"Nie płacz ....., bo tu miejsca brak, na twe babskie łzy" Ewka
77%
"O ..... straciłaś przyjaciela, może się wreszcie nauczysz, że miłości nie można odrzucić" Ela
73%
"....., ah ..... dziewczyna ratownika, pół plaży tutaj marzy, że kiedyś się wydarzy" Monika
71%
"....., ..... pamiętasz lato ze snu, gdy pisałaś: tak mi źle" Jolka
60%
" Nie będę ..... wierną na balkonie. Nie będę ..... nawet w snach." Julia
54%
"..... wróżą z kart, on nie jest grosza wart. A weź go czart, weź go czart!" Małgośka
54%
"....., nie daruje Ci tej nocy!" Józek
50%
"..... smutną ma twarz" Anna Maria
35%
"Cały Paryż bym dał za tę noc z ....., cały świat za tę noc z ....." Renata
27%
"O ....., moja ..... Dlaczego mam Cię tylko w snach" Wiktoria
25%
"..... zrobiła dziecko. A teraz chce je wywalić. Ze swojego ciała. Oddać komuś za nic." Grażyna
23%
"..... błagam, obudź się. Sen o potędze skończył się" Pola
13%
"..... ruda imię na początku. Dalej po porządku cała reszta." Marianna
2%
Nie znaleziono quizów pasujących do podanych kryteriów
Rozkład punktacji
Procent ludzi z każdym wynikiem
Percentyl według liczby udzielonych odpowiedzi
Twoja historia wyników
Nie rozwiązałeś tego quizu